00628nam a2200229 a 4500001001300000003000900013005001700022008004100039020000800080082001700088100001800105245002800123260003000151300000900181500003500190505001000225650001700235902000800252942000700260952011400267999001700381nice12345678IN_TiNIC20260116013602.0080215s1998 lona grp 000 0 eng  ac000a398.209bPER aPerks, Robert aThe Oral History Reader aLondon bRoutledge c1998 a479p aincludes index and biblioraphy2 aIndex aOral History bSRS cBK 001040708StackRoom-aHMIbHMId2014-12-20g0.00l0o398.209 PERp018123r2014-12-20v0.00w2008-02-15yBK c11562d11562